| 000 | 00355 a2200109 4500 | ||
|---|---|---|---|
| 001 | ART_48579 | ||
| 005 | 20260410161809.0 | ||
| 008 | 260409a | ||
| 245 | 1 | 0 | _aEl síndico concursal y las criptomonedas en el proceso de quiebra |
| 100 | 1 | _aFerro, Carlos A. | |
| 773 | 0 |
_tDoctrina Societaria y Concursal _g- N° 376 (mar. 2019) _wREV4298 |
|
| 999 |
_c21285 _d21285 |
||